Formy podnikania v Európskej únii

Možnosti podnikania v Európskej únii. Fyzická osoba v postavení zahraničnej osoby a jej možnosti podnikania. Fyzická osoba v postavení slovenskej fyzickej osoby. Smernice v európskom práve obchodných spoločností týkajúce sa - publicity, reštrukturalizácie, účtovníctva a základného kapitálu. Nadnárod...

Descripción completa

Guardado en:
Detalles Bibliográficos
Autor principal: Válková, Katarína
Formato: Capítulo de libro
Lenguaje:eslovaco
Materias:
Etiquetas: Agregar Etiqueta
Sin Etiquetas, Sea el primero en etiquetar este registro!

MARC

LEADER 00000naa$a2200000$$$4500
001 0111914
005 20221207081706.4
041 0 |a slo 
044 |a SK 
245 1 0 |a Formy podnikania v Európskej únii  |c Katarína Válková 
520 |a Možnosti podnikania v Európskej únii. Fyzická osoba v postavení zahraničnej osoby a jej možnosti podnikania. Fyzická osoba v postavení slovenskej fyzickej osoby. Smernice v európskom práve obchodných spoločností týkajúce sa - publicity, reštrukturalizácie, účtovníctva a základného kapitálu. Nadnárodné právne formy. Založenie, vznik a zánik nadnárodných právnych foriem. Európska spoločnosť (Societas Europea). Európske zoskupenie hospodárskych záujmov (EZHZ). Európske družstvo (Societas Cooperativa Europea). 
610 2 0 |a Európska únia 
610 2 0 |a podnikanie 
610 2 0 |a spoločnosti obchodné 
610 2 0 |a družstvá 
610 2 0 |a právo obchodné 
610 2 0 |a založenie podniku 
610 2 0 |a zrušenie podniku 
100 1 |a Válková, Katarína